01244nac a22003131i 4500003000900000005001700009008004100026020001500067020001800082040004300100082002000143100004400163245011900207250001900326264005100345264001000396300005100406336002600457337002800483338002700511504005100538650004200589650004700631650004700678655001700725942001200742999001500754952016100769EG-ScBUE20240229101307.0240229t2006 n ab f b 001 0 eng d a0131930427 a9780131930421 aEG-ScBUEbengerdacEG-ScBUEdEG-ScBUE04a909.82bBRO2221 aBrower, Daniel R., eauthor.14aThe world in the twentieth century :bfrom empires to nations /cDaniel R. Brower, University of California-Davis. aSixth edition. 1aNew Jersey :bPearson Education, Inc.,c[2006] 4cc2006 axvi, 460 pages :billustrations, maps ;c24 cm 2rdacontentatextbtxt aunmediated2rdamediabn avolumebnc2rdacarrier aIncludes bibliographical references and index. 7aHistory, Moderny20th century.2BUEsh 7aRevolutionsxHistoryy20th century.2BUEsh 7aNationalismxHistoryy20th century.2BUEsh vReading book cBB2ddc c1435d1435 00102ddc40708BaccahaMAINbMAINc2NDd2011-09-06ePurchaseg240.00l5m1o909.82 BROp000003005r2025-07-15 00:00:00s2017-10-04v300.00w2006-09-11yBB